00470nam a22001217a 4500008004100000020001800041040005500059080002200114245014200136260004900278300001000327650001100337230602b |||||||| |||| 00| 0 eng d a92-4-156106-8 aNational Science LibrarycNational Science Library a616[213](047)bM7 aTropical disease research: bA global partnershipc/ Eighth programme report the first ten years, with highlights of the 1985-86 Biennium aGeneva: bWorld Health Organization, c1987 a191p. aReport